| 000 | 00439nam a2200157 i 4500 | ||
|---|---|---|---|
| 001 | 86529 | ||
| 003 | ES-MaACL | ||
| 005 | 20230906175452.0 | ||
| 007 | t| | ||
| 008 | 041213s1932 au ||||1| ger d | ||
| 100 | 1 |
_aKauder, Emil. _967637 |
|
| 245 | 1 | 0 |
_aRepetitorium der theoretischen Nationalökonomie / _cvon Emil Kauder. |
| 260 |
_aWien : _bJulius Springer, _c1932. |
||
| 300 |
_a165 p. : _bil. ; _c23 cm. |
||
| 852 |
_aES-MaACL _jA-1647 |
||
| 999 |
_c86529 _d86529 |
||